<?xml version="1.0" encoding="UTF-8"?>
<collection xmlns="http://www.loc.gov/MARC21/slim">
 <record>
  <leader>06451cam a2200985   4500</leader>
  <controlfield tag="001">249284685</controlfield>
  <controlfield tag="003">DE-627</controlfield>
  <controlfield tag="005">20250121010458.0</controlfield>
  <controlfield tag="007">tu</controlfield>
  <controlfield tag="008">980925s1999    gw |||||      00| ||ger c</controlfield>
  <datafield tag="015" ind1=" " ind2=" ">
   <subfield code="a">98,N41,0510</subfield>
   <subfield code="2">dnb</subfield>
  </datafield>
  <datafield tag="015" ind1=" " ind2=" ">
   <subfield code="a">98,N41,0510</subfield>
   <subfield code="2">dnb</subfield>
  </datafield>
  <datafield tag="016" ind1="7" ind2=" ">
   <subfield code="a">954504917</subfield>
   <subfield code="2">DE-101</subfield>
  </datafield>
  <datafield tag="020" ind1=" " ind2=" ">
   <subfield code="a">3476015351</subfield>
   <subfield code="c">(Gb.)</subfield>
   <subfield code="9">3-476-01535-1</subfield>
  </datafield>
  <datafield tag="035" ind1=" " ind2=" ">
   <subfield code="a">(DE-627)249284685</subfield>
  </datafield>
  <datafield tag="035" ind1=" " ind2=" ">
   <subfield code="a">(DE-576)068642806</subfield>
  </datafield>
  <datafield tag="035" ind1=" " ind2=" ">
   <subfield code="a">(DE-599)DNB954504917</subfield>
  </datafield>
  <datafield tag="035" ind1=" " ind2=" ">
   <subfield code="a">(OCoLC)231773007</subfield>
  </datafield>
  <datafield tag="035" ind1=" " ind2=" ">
   <subfield code="a">(OCoLC)40416355</subfield>
  </datafield>
  <datafield tag="035" ind1=" " ind2=" ">
   <subfield code="a">(OCoLC)231773007</subfield>
  </datafield>
  <datafield tag="035" ind1=" " ind2=" ">
   <subfield code="a">(DE-478)952067656</subfield>
  </datafield>
  <datafield tag="040" ind1=" " ind2=" ">
   <subfield code="a">DE-627</subfield>
   <subfield code="b">ger</subfield>
   <subfield code="c">DE-627</subfield>
   <subfield code="e">rakwb</subfield>
  </datafield>
  <datafield tag="041" ind1=" " ind2=" ">
   <subfield code="a">ger</subfield>
  </datafield>
  <datafield tag="044" ind1=" " ind2=" ">
   <subfield code="c">XA-DE</subfield>
  </datafield>
  <datafield tag="082" ind1="0" ind2=" ">
   <subfield code="a">703</subfield>
  </datafield>
  <datafield tag="082" ind1="0" ind2="4">
   <subfield code="a">03</subfield>
   <subfield code="q">dnb</subfield>
  </datafield>
  <datafield tag="084" ind1=" " ind2=" ">
   <subfield code="a">Ran 1</subfield>
   <subfield code="2">asb</subfield>
  </datafield>
  <datafield tag="084" ind1=" " ind2=" ">
   <subfield code="a">KU 7</subfield>
   <subfield code="2">sfb</subfield>
  </datafield>
  <datafield tag="084" ind1=" " ind2=" ">
   <subfield code="a">K 910</subfield>
   <subfield code="2">kab</subfield>
  </datafield>
  <datafield tag="084" ind1=" " ind2=" ">
   <subfield code="a">46</subfield>
   <subfield code="2">sdnb</subfield>
  </datafield>
  <datafield tag="084" ind1=" " ind2=" ">
   <subfield code="a">LH 63000</subfield>
   <subfield code="2">rvk</subfield>
   <subfield code="0">(DE-625)rvk/94271:</subfield>
  </datafield>
  <datafield tag="084" ind1=" " ind2=" ">
   <subfield code="a">LH 13000</subfield>
   <subfield code="2">rvk</subfield>
   <subfield code="0">(DE-625)rvk/92339:</subfield>
  </datafield>
  <datafield tag="084" ind1=" " ind2=" ">
   <subfield code="a">20.00</subfield>
   <subfield code="2">bkl</subfield>
  </datafield>
  <datafield tag="084" ind1=" " ind2=" ">
   <subfield code="a">20.01</subfield>
   <subfield code="2">bkl</subfield>
  </datafield>
  <datafield tag="084" ind1=" " ind2=" ">
   <subfield code="a">20.07</subfield>
   <subfield code="2">bkl</subfield>
  </datafield>
  <datafield tag="084" ind1=" " ind2=" ">
   <subfield code="a">20.30</subfield>
   <subfield code="2">bkl</subfield>
  </datafield>
  <datafield tag="100" ind1="1" ind2=" ">
   <subfield code="a">Betthausen, Peter</subfield>
   <subfield code="d">1941-</subfield>
   <subfield code="0">(DE-588)123438918</subfield>
   <subfield code="0">(DE-627)082556563</subfield>
   <subfield code="0">(DE-576)16027883X</subfield>
   <subfield code="4">aut</subfield>
  </datafield>
  <datafield tag="245" ind1="1" ind2="0">
   <subfield code="a">Metzler-Kunsthistoriker-Lexikon</subfield>
   <subfield code="b">zweihundert Porträts deutschsprachiger Autoren aus vier Jahrhunderten</subfield>
   <subfield code="c">von Peter Betthausen, Peter H. Feist und Christiane Fork. Unter Mitarb. von Karin Rührdanz und Jürgen Zimmer</subfield>
  </datafield>
  <datafield tag="246" ind1="3" ind2="0">
   <subfield code="a">Metzler-Kunsthistoriker-Lexikon</subfield>
  </datafield>
  <datafield tag="246" ind1="3" ind2="3">
   <subfield code="a">Kunsthistoriker-Lexikon</subfield>
  </datafield>
  <datafield tag="264" ind1=" " ind2="1">
   <subfield code="a">Stuttgart [u.a.]</subfield>
   <subfield code="b">Metzler</subfield>
   <subfield code="c">1999</subfield>
  </datafield>
  <datafield tag="300" ind1=" " ind2=" ">
   <subfield code="a">XVII, 523 S.</subfield>
   <subfield code="c">24 cm</subfield>
  </datafield>
  <datafield tag="336" ind1=" " ind2=" ">
   <subfield code="a">Text</subfield>
   <subfield code="b">txt</subfield>
   <subfield code="2">rdacontent</subfield>
  </datafield>
  <datafield tag="337" ind1=" " ind2=" ">
   <subfield code="a">ohne Hilfsmittel zu benutzen</subfield>
   <subfield code="b">n</subfield>
   <subfield code="2">rdamedia</subfield>
  </datafield>
  <datafield tag="338" ind1=" " ind2=" ">
   <subfield code="a">Band</subfield>
   <subfield code="b">nc</subfield>
   <subfield code="2">rdacarrier</subfield>
  </datafield>
  <datafield tag="361" ind1="1" ind2=" ">
   <subfield code="5">DE-32</subfield>
   <subfield code="y">923880771</subfield>
   <subfield code="s">LH 63000 B565</subfield>
   <subfield code="o">Vorbesitz</subfield>
   <subfield code="a">Staatliche Kunstsammlungen Weimar</subfield>
   <subfield code="0">(DE-588)2022373-0</subfield>
   <subfield code="0">(DE-627)102096422</subfield>
   <subfield code="0">(DE-576)191753025</subfield>
   <subfield code="f">Stempel</subfield>
   <subfield code="f">Zugangsnummer K2001.96</subfield>
   <subfield code="z">Standort Goethe-Nationalmuseum, Handbibliothek</subfield>
  </datafield>
  <datafield tag="500" ind1=" " ind2=" ">
   <subfield code="a">Literaturverz. S. 501 - 510</subfield>
  </datafield>
  <datafield tag="520" ind1=" " ind2=" ">
   <subfield code="a">200 bedeutende deutschsprachige Kunsthistoriker aus dem 17. bis 20. Jahrhundert sind hier aufgeführt. In relativ ausführlichen, 2 - 6 Seiten umfassenden Beiträgen werden Leben, Werk, theoretische und methodische Konzepte von Kunsthistorikern dargestellt, deren Lebenswerk abgeschlossen ist. Bedeutende noch lebende Personen, wie z.B. E. H. Gombrich, erhalten keinen Eintrag. Jedem Eintrag beigefügt ist eine eigene, für ein Lexikon recht umfangreiche Bibliographie. Im Anhang eine Auswahlbibliographie wissenschaftsgeschichtlicher Werke. In dieser Form und diesem Umfang bisher noch nicht erschienenes Personenlexikon zum Fach Kunstgeschichte, umfassender als &quot;Altmeister moderner Kunstgeschichte&quot; (ID 46/90), und über W. Waetzold: &quot;Deutsche Kunsthistoriker&quot;, der mit dem 19. Jahrhundert endet, hinausreichend. Wichtiges Nachschlagewerk für größere Bibliotheken, insbesondere an Hochschulstandorten. (3) (LK/HL: Ittekkot)</subfield>
  </datafield>
  <datafield tag="561" ind1=" " ind2=" ">
   <subfield code="5">DE-32</subfield>
   <subfield code="3">Exemplarsatz-ID: 923880771, Signatur: LH 63000 B565</subfield>
   <subfield code="a">Vorbesitz: Staatliche Kunstsammlungen Weimar ; http://d-nb.info/gnd/2022373-0 / Stempel / Zugangsnummer K2001.96 / Erläuterung: Standort Goethe-Nationalmuseum, Handbibliothek</subfield>
  </datafield>
  <datafield tag="583" ind1="1" ind2=" ">
   <subfield code="a">Archivierung/Langzeitarchivierung gewährleistet</subfield>
   <subfield code="f">PEBW</subfield>
   <subfield code="x">XA-DE-BW</subfield>
   <subfield code="2">pdager</subfield>
   <subfield code="5">DE-24</subfield>
  </datafield>
  <datafield tag="653" ind1=" " ind2="0">
   <subfield code="a">Art critics - Austria - Biography - Dictionaries</subfield>
  </datafield>
  <datafield tag="653" ind1=" " ind2="0">
   <subfield code="a">Art critics - Europe, German-speaking - Biography - Dictionaries - German</subfield>
  </datafield>
  <datafield tag="653" ind1=" " ind2="0">
   <subfield code="a">Art critics - Germany - Biography - Dictionaries</subfield>
  </datafield>
  <datafield tag="653" ind1=" " ind2="0">
   <subfield code="a">Art historians - Austria - Biography - Dictionaries</subfield>
  </datafield>
  <datafield tag="653" ind1=" " ind2="0">
   <subfield code="a">Art historians - Europe, German-speaking - Biography - German, Dictionaries</subfield>
  </datafield>
  <datafield tag="653" ind1=" " ind2="0">
   <subfield code="a">Art historians - Germany - Biography - Dictionaries</subfield>
  </datafield>
  <datafield tag="655" ind1=" " ind2="7">
   <subfield code="a">Biografie</subfield>
   <subfield code="0">(DE-588)4006804-3</subfield>
   <subfield code="0">(DE-627)104213493</subfield>
   <subfield code="0">(DE-576)208867147</subfield>
   <subfield code="2">gnd-content</subfield>
  </datafield>
  <datafield tag="689" ind1="0" ind2="0">
   <subfield code="d">g</subfield>
   <subfield code="0">(DE-588)4070370-8</subfield>
   <subfield code="0">(DE-627)104529369</subfield>
   <subfield code="0">(DE-576)209180447</subfield>
   <subfield code="a">Deutsches Sprachgebiet</subfield>
   <subfield code="2">gnd</subfield>
  </datafield>
  <datafield tag="689" ind1="0" ind2="1">
   <subfield code="d">s</subfield>
   <subfield code="0">(DE-588)4033654-2</subfield>
   <subfield code="0">(DE-627)106256378</subfield>
   <subfield code="0">(DE-576)209002980</subfield>
   <subfield code="a">Kunsthistoriker</subfield>
   <subfield code="2">gnd</subfield>
  </datafield>
  <datafield tag="689" ind1="0" ind2="2">
   <subfield code="a">z</subfield>
   <subfield code="2">gnd</subfield>
   <subfield code="a">Geschichte</subfield>
  </datafield>
  <datafield tag="689" ind1="0" ind2=" ">
   <subfield code="5">DE-101</subfield>
  </datafield>
  <datafield tag="700" ind1="1" ind2=" ">
   <subfield code="a">Feist, Peter H.</subfield>
   <subfield code="d">1928-2015</subfield>
   <subfield code="0">(DE-588)121684555</subfield>
   <subfield code="0">(DE-627)224485024</subfield>
   <subfield code="0">(DE-576)292829019</subfield>
   <subfield code="4">aut</subfield>
  </datafield>
  <datafield tag="700" ind1="1" ind2=" ">
   <subfield code="a">Fork, Christiane</subfield>
   <subfield code="d">1967-</subfield>
   <subfield code="0">(DE-588)133470784</subfield>
   <subfield code="0">(DE-627)546763995</subfield>
   <subfield code="0">(DE-576)299869970</subfield>
   <subfield code="4">aut</subfield>
  </datafield>
  <datafield tag="700" ind1="1" ind2=" ">
   <subfield code="a">Rührdanz, Karin</subfield>
   <subfield code="d">1949-</subfield>
   <subfield code="0">(DE-588)108794520</subfield>
   <subfield code="0">(DE-627)607750162</subfield>
   <subfield code="0">(DE-576)162814852</subfield>
   <subfield code="4">oth</subfield>
  </datafield>
  <datafield tag="700" ind1="1" ind2=" ">
   <subfield code="8">1\p</subfield>
   <subfield code="a">Zimmer, Jürgen</subfield>
   <subfield code="d">1937-</subfield>
   <subfield code="0">(DE-588)1016230516</subfield>
   <subfield code="0">(DE-627)705500896</subfield>
   <subfield code="0">(DE-576)163671265</subfield>
   <subfield code="4">oth</subfield>
  </datafield>
  <datafield tag="700" ind1="1" ind2=" ">
   <subfield code="a">Zimmern, Jürgen</subfield>
   <subfield code="e">MitwirkendeR</subfield>
   <subfield code="4">ctb</subfield>
  </datafield>
  <datafield tag="787" ind1="0" ind2="8">
   <subfield code="i">Rezension</subfield>
   <subfield code="a">Sauerländer, Willibald, 1924 - 2018</subfield>
   <subfield code="t">[Rezension von: Ulrike Wendland, Biographisches Handbuch deutschsprachiger Kunsthistoriker im Exil - Karin Michels, Transplantierte Kunstwissenschaft - Peter Betthausen, Peter H. Feist, Christiane Fork, Metzler Kunsthistoriker-Lexikon]</subfield>
   <subfield code="d">Nürnberg : Carl, 2000</subfield>
   <subfield code="w">(DE-627)1793584141</subfield>
  </datafield>
  <datafield tag="787" ind1="0" ind2="8">
   <subfield code="i">Rezension</subfield>
   <subfield code="a">Markschies, Alexander, 1969 - </subfield>
   <subfield code="t">[Rezension von: Metzler Kunsthistoriker Lexikon]</subfield>
   <subfield code="d">2001</subfield>
   <subfield code="w">(DE-627)1547540958</subfield>
   <subfield code="w">(DE-576)477540953</subfield>
  </datafield>
  <datafield tag="856" ind1="4" ind2="2">
   <subfield code="u">http://www.gbv.de/dms/hebis-mainz/toc/059956356.pdf</subfield>
   <subfield code="m">V:DE-603</subfield>
   <subfield code="m">B:DE-77</subfield>
   <subfield code="q">pdf/application</subfield>
   <subfield code="x">Verlag</subfield>
   <subfield code="y">Inhaltsverzeichnis</subfield>
   <subfield code="3">Inhaltsverzeichnis</subfield>
  </datafield>
  <datafield tag="856" ind1="4" ind2="2">
   <subfield code="u">https://swbplus.bsz-bw.de/bsz068642806rez.htm</subfield>
   <subfield code="m">V:DE-576;B:ifb</subfield>
   <subfield code="q">application/pdf</subfield>
   <subfield code="v">20110222151746</subfield>
   <subfield code="3">Rezension</subfield>
  </datafield>
  <datafield tag="856" ind1="4" ind2="2">
   <subfield code="u">https://swbplus.bsz-bw.de/bsz068642806cov.jpg</subfield>
   <subfield code="m">V:DE-576</subfield>
   <subfield code="m">X:springer</subfield>
   <subfield code="q">image/jpeg</subfield>
   <subfield code="v">20161122162557</subfield>
   <subfield code="3">Cover</subfield>
  </datafield>
  <datafield tag="883" ind1=" " ind2=" ">
   <subfield code="8">1</subfield>
   <subfield code="a">cgwrk</subfield>
   <subfield code="d">20241001</subfield>
   <subfield code="q">DE-101</subfield>
   <subfield code="u">https://d-nb.info/provenance/plan#cgwrk</subfield>
  </datafield>
  <datafield tag="935" ind1=" " ind2=" ">
   <subfield code="i">Blocktest</subfield>
  </datafield>
  <datafield tag="936" ind1="r" ind2="v">
   <subfield code="a">LH 63000</subfield>
   <subfield code="b">Sammelwerke</subfield>
   <subfield code="k">Kunstgeschichte</subfield>
   <subfield code="k">Allgemeines. Allgemeine Kunstgeschichte</subfield>
   <subfield code="k">Geschichte der Kunstwissenschaft</subfield>
   <subfield code="k">Schriften über Kunsthistoriker</subfield>
   <subfield code="k">Sammelwerke</subfield>
   <subfield code="0">(DE-627)1271072262</subfield>
   <subfield code="0">(DE-625)rvk/94271:</subfield>
   <subfield code="0">(DE-576)201072262</subfield>
  </datafield>
  <datafield tag="936" ind1="r" ind2="v">
   <subfield code="a">LH 13000</subfield>
   <subfield code="b">Kunstadressbücher</subfield>
   <subfield code="k">Kunstgeschichte</subfield>
   <subfield code="k">Allgemeines. Allgemeine Kunstgeschichte</subfield>
   <subfield code="k">Lexika, Bibliografien, Bibliothekskataloge</subfield>
   <subfield code="k">Kunstadressbücher</subfield>
   <subfield code="0">(DE-627)1270651307</subfield>
   <subfield code="0">(DE-625)rvk/92339:</subfield>
   <subfield code="0">(DE-576)200651307</subfield>
  </datafield>
  <datafield tag="936" ind1="b" ind2="k">
   <subfield code="a">20.00</subfield>
   <subfield code="j">Kunstwissenschaften: Allgemeines</subfield>
   <subfield code="0">(DE-627)106406493</subfield>
  </datafield>
  <datafield tag="936" ind1="b" ind2="k">
   <subfield code="a">20.01</subfield>
   <subfield code="j">Geschichte der Kunstwissenschaften</subfield>
   <subfield code="0">(DE-627)106406485</subfield>
  </datafield>
  <datafield tag="936" ind1="b" ind2="k">
   <subfield code="a">20.07</subfield>
   <subfield code="j">Kunstkritik</subfield>
   <subfield code="j">Kunstinterpretation</subfield>
   <subfield code="0">(DE-627)106406280</subfield>
  </datafield>
  <datafield tag="936" ind1="b" ind2="k">
   <subfield code="a">20.30</subfield>
   <subfield code="j">Kunstgeschichte: Allgemeines</subfield>
   <subfield code="0">(DE-627)106410326</subfield>
  </datafield>
  <datafield tag="951" ind1=" " ind2=" ">
   <subfield code="a">BO</subfield>
  </datafield>
  <datafield tag="990" ind1=" " ind2=" ">
   <subfield code="a">Deutsches Sprachgebiet</subfield>
  </datafield>
  <datafield tag="990" ind1=" " ind2=" ">
   <subfield code="a">Kunsthistoriker</subfield>
  </datafield>
  <datafield tag="990" ind1=" " ind2=" ">
   <subfield code="a">Geschichte</subfield>
  </datafield>
  <datafield tag="991" ind1=" " ind2=" ">
   <subfield code="a">Rezensiertes Werk</subfield>
  </datafield>
  <datafield tag="999" ind1=" " ind2=" ">
   <subfield code="a">KXP-PPN249284685</subfield>
   <subfield code="e">4073619942</subfield>
  </datafield>
 </record>
</collection>
